Géographie en D - Statistiques

Statistiques générales
  • Ce quiz a été pris 342 fois
  • Le résultat moyen est 14 sur 20
Statistiques - réponses
Hint Réponse % Correct
Ancien chef-lieu de la Bourgogne connu pour sa moutarde Dijon
98%
Pays ayant Copenhague comme capitale Danemark
96%
Deuxième plus long fleuve d'Europe, il traverse dix pays, notamment l'Allemagne et la Roumanie Danube
91%
Pays d'Afrique dont la capitale porte le même nom que celui du pays Djibouti
91%
Ville du Moyen Orient connue pour ses gratte-ciels futuristes, comme le Burj Khalifa Dubaï
91%
Capitale du Sénégal Dakar
90%
Ville irlandaise, traversée par la rivière Liffey Dublin
88%
Ville portuaire située tout au nord de la france Dunkerque
86%
Ville du Texas abritant le site historique du meurtre de JFK Dallas
83%
Ancienne région des Etats-Unis, maintenant divisée en deux états auxquelles elle a donnée son nom Dakota
80%
Métropole d'Inde ayant l'une des plus grandes aires urbaine du Monde.$ Delhi
79%
Département du sud-ouest de la France, célèbre pour abriter la grotte de Lascaux Dordogne
78%
Ville allemande connue pour son club de football et ses supporters qu'on appelle "le mur jaune" Dortmund
74%
Grande ville des États-Unis, située dans l'État du Michigan, elle est connue pour être le berceau de l'industrie automobile américaine Détroit
69%
Département français ayant Besançon comme chef-lieu Doubs
64%
Ville allemande sur le Rhin, reconnue pour sa culture, son art et son industrie de la mode Dusseldorf
49%
Massif montagneux des Préalpes orientales méridionales qui s'élève en Italie Dolomites
40%
Région côtière de Croatie, célèbre pour ses îles pittoresques et pour l'une de ses villes Dubrovnik Dalmatie
30%
Deuxième affluent du Rhône après la Saône pour la longueur et troisième pour le débit derrière l'Isère. Durance
21%
Fleuve affluent du Dniepr, il traverse la Russie et l'Ukraine Desna
1%
Aucun quiz correspondant
Distribution des résultats
% des personnes avec chaque résultat
Percentile par nombre de réponses
Votre historique - résultats
Vous n’avez pas pris ce quiz